01144nam a2200289 a 450000100060000000300090000600500170001500800410003201500210007302000180009404000280011208200160014010000420015624000390019824501220023726000410035930000210040049000590042150001190048050400280059965000530062765000390068065000430071965000420076270000370080485200130084124611CO-ViMGA20230915232009.0141112s2004 ck r 000 u spa d ack - 2010 - xxxx a9789586486460 aCO-ViMGAbspacCO-ViMGA04a658.5 M67m1 aMora García, Luis Aníbal, 1963 -  aBogotá - Bibliografía regional10aModelos de optimización de la gestión logística / cLuis Aníbal Mora Garcia, Mauricio Martiliano Martínez. aBogotá : bEcoe Ediciones, c2010. a143 p. ; 24 cm. aColección ciencias administrativas. Administración aLa aplicación de herramientas estadísticas para la planeación y simulación en la cadena de abastecimiento. aIncluye bibliografía.14aDistribución física de mercancias - Modelos 14aLogística empresarial - modelos 14aLogística en los negocios - Modelos 14aProyecciones económicas - - Modelos1 aMartiliano Martínez, Mauricio.  17648.30